000 00655nam a2200241Ia 4500
003 OSt
005 20220918201230.0
006 a|||||r|||| 00| 0
007 ta
008 220917b |||||||| |||| 00| 0 eng d
024 _a92,530
037 _cTextual
040 _aARTS
_cARTS
_beng
041 _2eng
_aeng
082 _aV1N, J5
100 _aChamberlain Joseph P
_997597
245 0 _aInterantional organization
260 _c1955
490 _aInternational regulation of economic and social questions ed by Philip C Jessup
650 _aHISTORY
942 _hV1N, J5
_cTEXL
_2CC
999 _c216181
_d216181